Statement by the Managing Director on the Work Program of the Executive Board Executive Board Meeting : June 10, 2021.

An unprecedented policy response and rapid progress in vaccinations have helped pull the global economy from a deep recession, but the outlook is marked by high uncertainty and great divergence. Against this background, the Fund continues its efforts to achieve a durable exit from the crisis, minimi...

Descrición completa

Detalles Bibliográficos
Autor Corporativo: International Monetary Fund
Formato: Revista
Idioma:English
Publicado: Washington, D.C. : International Monetary Fund, 2021.
Series:Policy Papers; Policy Paper ; No. 2021/052
Subjects:
Acceso en liña:Full text available on IMF
LEADER 01834cas a2200265 a 4500
001 AALejournalIMF021884
008 230101c9999 xx r poo 0 0eng d
020 |c 5.00 USD 
020 |z 9781513589534 
022 |a 2663-3493 
040 |a BD-DhAAL  |c BD-DhAAL 
110 2 |a International Monetary Fund. 
245 1 0 |a Statement by the Managing Director on the Work Program of the Executive Board Executive Board Meeting :   |b June 10, 2021. 
264 1 |a Washington, D.C. :  |b International Monetary Fund,  |c 2021. 
300 |a 1 online resource (4 pages) 
490 1 |a Policy Papers 
500 |a <strong>Off-Campus Access:</strong> No User ID or Password Required 
500 |a <strong>On-Campus Access:</strong> No User ID or Password Required 
506 |a Electronic access restricted to authorized BRAC University faculty, staff and students 
520 3 |a An unprecedented policy response and rapid progress in vaccinations have helped pull the global economy from a deep recession, but the outlook is marked by high uncertainty and great divergence. Against this background, the Fund continues its efforts to achieve a durable exit from the crisis, minimize long-term scarring, and build a more sustainable, resilient, and inclusive global economy. In line with the strategic directions laid out in the Spring 2021 Global Policy Agenda and the International Monetary and Financial Committee (IMFC) Communique, this Work Program puts forward a prioritized Board agenda focused on activities of most critical importance to our members. 
538 |a Mode of access: Internet 
650 7 |a Monetary Policy  |2 imf 
650 7 |a Political Economy  |2 imf 
830 0 |a Policy Papers; Policy Paper ;  |v No. 2021/052 
856 4 0 |z Full text available on IMF  |u http://elibrary.imf.org/view/journals/007/2021/052/007.2021.issue-052-en.xml  |z IMF e-Library